00565 2200205 4500001002100000005001500021035002000036007000300056008004100059020002200100082001000122084001600132100002400148245006000172260003800232300005200270250001100322650001000333990001600343INLIS00000000000029720221027011120 a0010-1022000039ta221027 b h ind  a978-602-367-809-9 a741.5 a741.5 KHA k0 aKhansa Yuma Tsabita1 aKomik Next-G: Bertemu Dinosaurus /cKhansa Yuma Tsabita aBandung :bMuffin Graphics,c2020 a95 halaman :bilustrasi tidak berwarna ;c21 cm aCet. 1 4akomik a00000000395